| 000 | 00554nam a22001937a 4500 | ||
|---|---|---|---|
| 003 | KOHA_MİRAKIL | ||
| 005 | 20250422161852.0 | ||
| 008 | 250422b tu ||||| |||| 00| 0 tur d | ||
| 020 | _a9786057697882 | ||
| 040 |
_aTR-AnABB _btur _cTR-AnABB |
||
| 041 | _atur | ||
| 082 |
_a813.41 _bAHM 2022 |
||
| 100 |
_aAhmet Rasim, _d1864-1932 |
||
| 245 | 1 | 0 |
_aHikâye ve romanlar / _cAhmet Rasim |
| 260 |
_aİstanbul : _bTürkiye İş Bankası Yayınları, _c2022 |
||
| 300 |
_a408 sayfa ; _c20 cm |
||
| 650 | 0 | 4 | _aTürk edebiyatı, roman |
| 942 |
_2ddc _cBK |
||
| 999 |
_c8817 _d8817 |
||
| 900 | _bGizem YORULMAZ | ||